000 01064nam a22003257a 4500
003 CHAP
005 20220329133155.0
008 971013s1989 r 00010 d
010 _a2987
011 _a3959
035 _a3160
040 _cCHAP
082 _a333.912
_bM3
100 0 0 _aMcKenna, Dennis P.
_973637
245 _aAgricultural chemicals in rural, private water wells in Illinois
_b: recommendations for a Statewide survey
260 _aChampaign, Ill. :
_bIllinois State Geological Survey,
_c1989
300 _a109 p
490 _aCooperative Groundwater Report
_v; 11
500 _aD48-44
590 _aBATCH-UPD
_b10
_c20130110
_lUCH01
_h0156
590 _aBATCH-UPD
_b10
_c20130110
_lUCH01
_h1124
590 _aCONVERSION
_b10
_c20130109
_lUCH01
_h1303
650 1 4 _aAgua
_xAbastecimiento
_xIllinois.
_92243
650 1 4 _aAgua
_xCalidad.
_92316
650 1 4 _aPozos.
_991207
830 0 _aCooperative Groundwater Report
_v; 11
_927783
901 _aBK
942 _cLIBRO
949 _a333.912 M3
_bBC
_cLIBRO
_d33724000334751
_eLIBRO
_h81178
_i3160
_mD
_si
999 _c2987
_d2987